[Event "6th EUR-ch (w)"]
[Site "Chisinau MDA"]
[Date "2005.06.21"]
[Round "10"]
[White "Makka, Ioulia"]
[Black "Petrenko, Svetlana"]
[Result "1/2-1/2"]
[WhiteElo "2250"]
[BlackElo "2348"]
[EventDate "2005.06.10"]
[PlyCount "83"]

1.e4 c5 2.Nf3 d6 3.d4 cxd4 4.Nxd4 Nf6 5.Nc3 g6 6.g3 Bg7 7.Bg2 O-O 8.O-O 
Nc6 9.Nde2 Rb8 10.a4 a6 11.Nd5 Nxd5 12.exd5 Ne5 13.h3 Qc7 14.Ra2 Nd7 15.b3
Nf6 16.Re1 Re8 17.a5 Bd7 18.Be3 e5 19.dxe6 Bxe6 20.Bd4 Bf5 21.Nf4 Rxe1+ 
22.Qxe1 Re8 23.Qa1 Qe7 24.Kh2 g5 25.Nd5 Nxd5 26.Bxd5 Bxd4 27.Qxd4 Qe2 28.
b4 Be4 29.c3 Qf3 30.Bxe4 Rxe4 31.Qxd6 Re8 32.Qd2 h6 33.c4 Re5 34.Qd8+ Kg7 
35.Qd4 f6 36.Qd7+ Kg6 37.Rd2 Re1 38.Qd3+ Qxd3 39.Rxd3 Rb1 40.b5 axb5 41.
cxb5 Rxb5 42.Ra3 1/2-1/2

[Event "6th EUR-ch (w)"]
[Site "Chisinau MDA"]
[Date "2005.06.21"]
[Round "10"]
[White "Milliet, Sophie"]
[Black "Mirzoeva, Elmira"]
[Result "1-0"]
[WhiteElo "2319"]
[BlackElo "2232"]
[EventDate "2005.06.10"]
[PlyCount "121"]

1.e4 c5 2.Nf3 e6 3.d4 cxd4 4.Nxd4 Nc6 5.Nxc6 bxc6 6.Bd3 Nf6 7.O-O d5 8.Nd2
Be7 9.c4 O-O 10.Qe2 a5 11.Nf3 Qc7 12.Rd1 Bb7 13.e5 Nd7 14.cxd5 cxd5 15.Bf4
Rfc8 16.Nd4 Nc5 17.Bc2 Bf8 18.h4 Rab8 19.Qh5 Ne4 20.Bxe4 dxe4 21.Qg4 Bd5 
22.b3 Qa7 23.Be3 Qc7 24.Qg3 Rd8 25.h5 f6 26.Rac1 Qf7 27.exf6 Qxh5 28.Bf4 
Rbc8 29.Bc7 Re8 30.Be5 Qg6 31.fxg7 Bxg7 32.Qxg6 hxg6 33.Bxg7 Kxg7 34.Nb5 
Rxc1 35.Rxc1 Rb8 36.Rc7+ Kf6 37.Nc3 Ke5 38.Kf1 g5 39.Ke2 Rh8 40.Nd1 Ra8 
41.Nb2 Rh8 42.Rc5 Rh2 43.g3 a4 44.Nxa4 Kd4 45.Rc3 e5 46.Re3 Be6 47.Nc3 
Bg4+ 48.Ke1 Bf3 49.Ne2+ Kc5 50.a3 Rh1+ 51.Kd2 Rf1 52.Rc3+ Kd6 53.Ke3 Re1 
54.Rc2 Rd1 55.Rd2+ Rxd2 56.Kxd2 Kc5 57.Ke3 Kc6 58.Nc3 Bh5 59.Kxe4 Kd6 60.
Kf5 g4 61.Ne4+ 1-0

[Event "6th EUR-ch (w)"]
[Site "Chisinau MDA"]
[Date "2005.06.21"]
[Round "10"]
[White "Velikhanli, Firuza"]
[Black "Dolzhikova, Kateryna"]
[Result "1-0"]
[WhiteElo "2303"]
[BlackElo "2232"]
[EventDate "2005.06.10"]
[PlyCount "61"]

1.e4 c5 2.Nf3 d6 3.c3 Nf6 4.h3 Nc6 5.Bd3 e6 6.Bc2 Be7 7.O-O O-O 8.Re1 b6 
9.a3 Bb7 10.d4 d5 11.e5 Ne4 12.Nbd2 Nxd2 13.Bxd2 Rc8 14.Bf4 Ba6 15.Rc1 
cxd4 16.Nxd4 Nxd4 17.cxd4 g6 18.Bh6 Bg5 19.Bxf8 Bxc1 20.Qxc1 Qxf8 21.Qd2 
Qe7 22.Re3 Rc6 23.Ba4 Rc4 24.Bb3 Rc6 25.Rf3 Qc7 26.Ba4 Rc4 27.Be8 f5 28.
Rg3 Rc1+ 29.Kh2 Rb1 30.Bxg6 hxg6 31.Rxg6+ 1-0

[Event "6th EUR-ch (w)"]
[Site "Chisinau MDA"]
[Date "2005.06.21"]
[Round "10"]
[White "Melnikova, Yana"]
[Black "Burtasova, Anna"]
[Result "1-0"]
[WhiteElo "2301"]
[BlackElo "2223"]
[EventDate "2005.06.10"]
[PlyCount "145"]

1.e4 c5 2.Nf3 e6 3.d4 cxd4 4.Nxd4 a6 5.Bd3 g6 6.c4 Bg7 7.Nf3 Ne7 8.Nc3 O-O
9.O-O Nbc6 10.Bf4 d5 11.exd5 exd5 12.c5 Qa5 13.Bd6 Bxc3 14.bxc3 Qxc3 15.
Re1 Re8 16.Ne5 Bf5 17.Re3 d4 18.Rg3 Nxe5 19.Bxf5 Qxa1 20.Qxa1 Nxf5 21.Rb3 
b5 22.f4 Nc4 23.a4 Ncxd6 24.cxd6 Rad8 25.axb5 axb5 26.g4 Nxd6 27.Qxd4 Ne4 
28.Qb6 Rd1+ 29.Kg2 Rd2+ 30.Kh3 Nd6 31.Re3 Rc8 32.f5 gxf5 33.gxf5 Nxf5 34.
Rf3 Rd6 35.Qb7 Rc5 36.Rxf5 Rxf5 37.Qc8+ Kg7 38.Qxf5 Rg6 39.Qxb5 Kg8 40.Qe5
Re6 41.Qc3 Rg6 42.Qd4 h6 43.Qe5 Rg5 44.Qb8+ Kg7 45.Qe8 Rg6 46.Kh4 Re6 47.
Qd8 Rg6 48.Qd4+ Kh7 49.Qe5 Kg8 50.Qb8+ Kg7 51.Qb2+ Kh7 52.Qd4 Kg8 53.Kh5 
Kh7 54.Qe4 Kg7 55.Qe5+ Kh7 56.h4 Kg8 57.Qe8+ Kg7 58.Qd8 Re6 59.Kg4 Rg6+ 
60.Kf5 Re6 61.h5 Kh7 62.Qf8 Rf6+ 63.Ke5 Re6+ 64.Kd4 Rf6 65.Kd5 Rf5+ 66.Kd6
Rf6+ 67.Kd7 Rf5 68.Kd8 Rd5+ 69.Ke7 Re5+ 70.Kd6 Re6+ 71.Kd7 Rf6 72.Qe7 Kg7 
73.Qe5 1-0

[Event "6th EUR-ch (w)"]
[Site "Chisinau MDA"]
[Date "2005.06.21"]
[Round "10"]
[White "Iodo, Anna"]
[Black "Vozovic, Oksana"]
[Result "1/2-1/2"]
[WhiteElo "2176"]
[BlackElo "2288"]
[EventDate "2005.06.10"]
[PlyCount "172"]

1.e4 g6 2.d4 Bg7 3.Nc3 d5 4.exd5 Nf6 5.Bc4 Nbd7 6.Nf3 Nb6 7.Bb5+ Bd7 8.
Bxd7+ Qxd7 9.O-O Nfxd5 10.Nxd5 Qxd5 11.c3 e6 12.Bf4 c5 13.dxc5 Qxc5 14.Bd6
Qc6 15.Ne5 Qd5 16.Re1 Rc8 17.Qxd5 Nxd5 18.Rad1 Bxe5 19.Rxe5 Kd7 20.Ba3 
Rhd8 21.Re4 b5 22.f4 h5 23.Kf2 Kc7 24.Red4 Kb6 25.Be7 Re8 26.Bh4 Rc6 27.
Kf3 Rec8 28.a4 a5 29.Bf2 Ka6 30.axb5+ Kxb5 31.Ra1 Rc4 32.g3 Nb6 33.Rd6 Nd5
34.Bd4 a4 35.Ra3 R8c7 36.Rd8 Rc8 37.Rd7 R4c7 38.Rxc7 Rxc7 39.Ke4 Rc8 40.
Kd3 Rc7 41.b3 axb3 42.Rxb3+ Kc6 43.c4 Ne7 44.Rb6+ Kd7 45.Be5 Ra7 46.c5 Nc6
47.Bd6 Ra3+ 48.Kc4 Ra4+ 49.Kb3 Ra7 50.Kc4 Ra4+ 51.Kb3 Ra7 52.Kc4 f6 53.Kb5
Ra5+ 54.Kc4 Ra4+ 55.Kb3 Ra7 56.Kc4 g5 57.fxg5 fxg5 58.Kd3 Ra3+ 59.Kc4 Ra4+
60.Kb3 Ra7 61.Kc4 g4 62.Rb2 Ra4+ 63.Kb5 Rd4 64.Rf2 Rb4+ 65.Ka6 e5 66.Rf7+ 
Ke6 67.Rb7 e4 68.Bf4 Rd4 69.Kb6 Nb4 70.c6 Nd5+ 71.Kc5 Rd3 72.c7 Rc3+ 73.
Kd4 e3 74.Bxe3 Rxc7 75.Rxc7 Nxc7 76.Ke4 Nd5 77.Bd4 Ne7 78.Kf4 Nf5 79.Bb2 
h4 80.gxh4 Nxh4 81.Kxg4 Nf5 82.Kg5 Nd6 83.h4 Kf7 84.h5 Ne4+ 85.Kf4 Nf6 86.
h6 Kg6 1/2-1/2

[Event "6th EUR-ch (w)"]
[Site "Chisinau MDA"]
[Date "2005.06.21"]
[Round "10"]
[White "Kalinina, Olga"]
[Black "Mamedyarova, Zeinab"]
[Result "0-1"]
[WhiteElo "2022"]
[BlackElo "2286"]
[EventDate "2005.06.10"]
[PlyCount "36"]

1.e4 e5 2.d4 exd4 3.Qxd4 Nc6 4.Qe3 Nf6 5.Nc3 Bb4 6.Bd2 O-O 7.O-O-O Re8 8.
f3 d5 9.Qf2 dxe4 10.Bg5 Bd7 11.Nd5 Ng4 12.Qh4 f6 13.Bc4 Kh8 14.Nf4 Nce5 
15.Ngh3 fxg5 16.Nxg5 Nh6 17.Rd5 Nxc4 18.Ng6+ Kg8 0-1

[Event "6th EUR-ch (w)"]
[Site "Chisinau MDA"]
[Date "2005.06.21"]
[Round "10"]
[White "Mamedyarova, Turkan"]
[Black "Repkova, Eva"]
[Result "1/2-1/2"]
[WhiteElo "2221"]
[BlackElo "2392"]
[EventDate "2005.06.10"]
[PlyCount "112"]

1.d4 d5 2.e3 Nf6 3.Nf3 e6 4.c4 Be7 5.Nc3 O-O 6.Bd3 c5 7.O-O cxd4 8.exd4 
dxc4 9.Bxc4 a6 10.a4 Nc6 11.Bf4 Nb4 12.Rc1 b6 13.Qe2 Bb7 14.Rfd1 Nbd5 15.
Nxd5 Nxd5 16.Bg3 Bf6 17.Ne5 Bg5 18.Rc2 Qe7 19.Bxd5 Bxd5 20.f4 Bf6 21.Rc3 
Qb4 22.Qc2 b5 23.Be1 Qxa4 24.b3 Qa3 25.Nd7 Be7 26.Nxf8 Rxf8 27.b4 Qa4 28.
Qxa4 bxa4 29.Rc7 Bd6 30.Ra7 Bxf4 31.Rxa6 Bb3 32.Ra1 Rb8 33.Kf2 h5 34.g3 
Bg5 35.R1xa4 Bxa4 36.Rxa4 Bd8 37.Ke2 Bb6 38.b5 Rd8 39.Bf2 Rd5 40.Rb4 e5 
41.Kd3 f5 42.Kc4 Rd8 43.Rb2 Rc8+ 44.Kb4 e4 45.Be3 Kf7 46.Ra2 Rd8 47.Kc4 
Rc8+ 48.Kb4 Rd8 49.Rc2 g5 50.Rc6 Bxd4 51.Bxg5 Rd7 52.b6 e3 53.Rc7 Ke6 54.
b7 e2 55.Bd2 Ba7 56.Rxd7 Kxd7 1/2-1/2

[Event "6th EUR-ch (w)"]
[Site "Chisinau MDA"]
[Date "2005.06.21"]
[Round "10"]
[White "Muzicuk, Anna"]
[Black "Dragomirescu, Angela"]
[Result "1-0"]
[WhiteElo "2363"]
[BlackElo "2241"]
[EventDate "2005.06.10"]
[PlyCount "101"]

1.c4 e5 2.Nc3 Nf6 3.Nf3 Nc6 4.g3 d5 5.cxd5 Nxd5 6.d3 Be7 7.Bg2 Be6 8.O-O 
O-O 9.Bd2 Qd7 10.a3 f6 11.Ne4 a5 12.Rc1 Nd4 13.Nxd4 exd4 14.Qc2 b6 15.Qc6 
Rac8 16.Ng5 fxg5 17.Qxd7 Bxd7 18.Bxd5+ Kh8 19.Bb7 Rcd8 20.Rxc7 Bf6 21.Rfc1
Ba4 22.Be4 Bb3 23.Rb7 Rb8 24.Rxb8 Rxb8 25.f4 h6 26.Rc6 Kg8 27.Kf2 Kf8 28.
Kf3 Ke7 29.fxg5 hxg5 30.h4 Ba4 31.Rc7+ Kd6 32.hxg5 Kxc7 33.Bf4+ Kd8 34.
Bxb8 Bxg5 35.Be5 Bf6 36.Kf4 Ke7 37.Bf3 Ke6 38.Bxf6 gxf6 39.Ke4 Bb3 40.Kxd4
Kd6 41.e3 Be6 42.g4 Bd7 43.Kc3 Be6 44.d4 Bf7 45.e4 Be8 46.Kd2 Ke6 47.Ke3 
Bd7 48.Kf4 Kd6 49.g5 fxg5+ 50.Kxg5 Ke7 51.Kf4 1-0

[Event "6th EUR-ch (w)"]
[Site "Chisinau MDA"]
[Date "2005.06.21"]
[Round "10"]
[White "Smochina, Carolina"]
[Black "Alexanian, Nelli"]
[Result "1-0"]
[WhiteElo "2307"]
[BlackElo "2211"]
[EventDate "2005.06.10"]
[PlyCount "65"]

1.c4 e5 2.g3 Nc6 3.Bg2 d6 4.Nc3 Be6 5.d3 Qd7 6.Rb1 a5 7.Nf3 Bh3 8.O-O Bxg2
9.Kxg2 h5 10.h4 g6 11.d4 exd4 12.Nxd4 Bg7 13.Nxc6 bxc6 14.Qd3 Nf6 15.b3 
O-O 16.f3 Rfe8 17.e4 Rad8 18.Bg5 d5 19.cxd5 cxd5 20.Bxf6 Bxf6 21.Nxd5 Kh8 
22.Qc4 Be5 23.Rbd1 Qe6 24.f4 Bg7 25.Nxc7 Qxc4 26.bxc4 Rxd1 27.Nxe8 Rd4 28.
Rc1 Rxe4 29.Nd6 Re6 30.c5 Bd4 31.c6 Bb6 32.Nxf7+ Kg7 33.c7 1-0

[Event "6th EUR-ch (w)"]
[Site "Chisinau MDA"]
[Date "2005.06.21"]
[Round "10"]
[White "Foisor, Sabina-Francesca"]
[Black "Bogza, Adina"]
[Result "0-1"]
[WhiteElo "2210"]
[BlackElo "2297"]
[EventDate "2005.06.10"]
[PlyCount "136"]

1.d4 Nf6 2.c4 g6 3.Nc3 Bg7 4.e4 O-O 5.Be3 c6 6.e5 Ne8 7.f4 d6 8.Be2 Nc7 9.
Nf3 f6 10.exd6 exd6 11.O-O Re8 12.Qd2 d5 13.c5 Bf5 14.b4 a6 15.a4 Nd7 16.
Bf2 Bh6 17.b5 axb5 18.axb5 Qe7 19.Nh4 Be4 20.b6 Ne6 21.g3 f5 22.Ra7 Rab8 
23.Nxe4 fxe4 24.Be3 Qf6 25.Bg4 Ndf8 26.Ra4 Ng7 27.f5 Bxe3+ 28.Qxe3 g5 29.
Ng2 h5 30.Be2 Ra8 31.Rfa1 Rxa4 32.Rxa4 Nxf5 33.Qf2 Ne6 34.Ne3 Neg7 35.Bxh5
Rf8 36.Be2 Qe7 37.Nxf5 Nxf5 38.Qe1 e3 39.Qc3 Qf6 40.Qd3 Nxg3 41.Qxe3 Nxe2+
42.Qxe2 Qf4 43.Kg2 Kg7 44.Qe5+ Qxe5 45.dxe5 Kg6 46.Ra1 d4 47.e6 Kf6 48.Re1
Ke7 49.Kg3 d3 50.Kg4 Rf2 51.Rd1 d2 52.h3 Kxe6 53.Kg3 Re2 54.Kf3 Re5 55.
Rxd2 Rxc5 56.Kg4 Rd5 57.Ra2 Rb5 58.Re2+ Kf6 59.Kh5 Rb4 60.Rf2+ Rf4 61.
Rxf4+ gxf4 62.Kg4 Ke5 63.Kf3 c5 64.h4 c4 65.h5 c3 66.h6 Kf6 67.h7 Kg7 68.
Kxf4 c2 0-1

[Event "6th EUR-ch (w)"]
[Site "Chisinau MDA"]
[Date "2005.06.21"]
[Round "10"]
[White "Schuurman, Petra"]
[Black "Tsoganova, Monika"]
[Result "0-1"]
[WhiteElo "2288"]
[BlackElo "2211"]
[EventDate "2005.06.10"]
[PlyCount "62"]

1.d4 Nf6 2.c4 e6 3.Nc3 Bb4 4.Qc2 c5 5.dxc5 Bxc5 6.Nf3 Qb6 7.e3 Qc7 8.b3 b6
9.Bb2 Bb7 10.Be2 a6 11.g4 Nc6 12.g5 Ng4 13.Ne4 Bb4+ 14.Nfd2 Nce5 15.O-O-O 
d5 16.Rhg1 dxe4 17.Nxe4 f5 18.gxf6 Nxf6 19.Nxf6+ gxf6 20.Bh5+ Kf8 21.f4 
Qc5 22.Qf2 Nxc4 23.bxc4 Qxh5 24.Rd7 Be4 25.Bxf6 Rg8 26.Rxg8+ Kxg8 27.Qb2 
Bf8 28.Qxb6 Qg4 29.Qc7 Ba3+ 30.Kd2 Qg2+ 31.Kc3 Qb2# 0-1

[Event "6th EUR-ch (w)"]
[Site "Chisinau MDA"]
[Date "2005.06.21"]
[Round "10"]
[White "Eidelson, Rakhil"]
[Black "Van Weersel, Arlette"]
[Result "1/2-1/2"]
[WhiteElo "2268"]
[BlackElo "2158"]
[EventDate "2005.06.10"]
[PlyCount "118"]

1.Nf3 Nf6 2.g3 d5 3.Bg2 c6 4.O-O Bg4 5.d3 Nbd7 6.Nbd2 e5 7.e4 dxe4 8.dxe4 
Bc5 9.a4 a5 10.Qe1 O-O 11.h3 Bh5 12.Nh4 Re8 13.Nb3 Bb4 14.Qe3 Qb6 15.g4 
Bg6 16.Nxg6 hxg6 17.Rd1 Qc7 18.Bf1 Nf8 19.c3 Bd6 20.f3 Ne6 21.Qf2 Reb8 22.
Be3 b5 23.axb5 cxb5 24.Nxa5 b4 25.Nc4 Rxa1 26.Rxa1 bxc3 27.bxc3 Bc5 28.
Bxc5 Nxc5 29.Ra5 Nfd7 30.Qa2 Ne6 31.Ra7 Qc5+ 32.Qf2 Qc6 33.Kh2 Ra8 34.Na5 
Qc8 35.Ba6 Qe8 36.Bb5 Nec5 37.Rxa8 Qxa8 38.Nc6 Qb7 39.Qe2 Kf8 40.Qc4 Qc7 
41.Nb4 Nb6 42.Qa2 Qd6 43.Nd5 Nxd5 44.Qxd5 Qxd5 45.exd5 g5 46.h4 gxh4 47.g5
f6 48.gxf6 gxf6 49.Be2 Nd7 50.Kh3 Nb6 51.c4 f5 52.Kxh4 f4 53.Kg5 Nd7 54.
Kf5 Nc5 55.Bd1 Nd3 56.Ba4 Nc5 57.Bd1 Nd3 58.Ba4 Nc5 59.Bc2 Nd7 1/2-1/2

[Event "6th EUR-ch (w)"]
[Site "Chisinau MDA"]
[Date "2005.06.21"]
[Round "10"]
[White "Tarasova, Viktoria"]
[Black "Muzychuk, Maria"]
[Result "1/2-1/2"]
[WhiteElo "2268"]
[BlackElo "2059"]
[EventDate "2005.06.10"]
[PlyCount "62"]

1.g3 f5 2.Bg2 Nf6 3.d3 e5 4.e4 fxe4 5.dxe4 Bc5 6.Nc3 O-O 7.Nf3 d6 8.Na4 
Bb4+ 9.c3 Ba5 10.b4 Bb6 11.Nxb6 axb6 12.Qe2 Bg4 13.h3 Bh5 14.g4 Bg6 15.Nd2
d5 16.O-O d4 17.Nc4 Re8 18.cxd4 exd4 19.e5 Nc6 20.f4 d3 21.Qb2 Bf7 22.Ne3 
Nd5 23.Nf5 Be6 24.b5 Na5 25.Nd4 Bf7 26.Nf3 Qe7 27.Qf2 Nb3 28.axb3 Rxa1 29.
f5 Nc3 30.Bg5 Rxf1+ 31.Bxf1 Ne4 1/2-1/2

[Event "6th EUR-ch (w)"]
[Site "Chisinau MDA"]
[Date "2005.06.21"]
[Round "10"]
[White "Mar, Karmen"]
[Black "Szczepkowska, Karina"]
[Result "1/2-1/2"]
[WhiteElo "2119"]
[BlackElo "2264"]
[EventDate "2005.06.10"]
[PlyCount "46"]

1.e4 e5 2.Nf3 Nc6 3.Bc4 Nf6 4.d3 Be7 5.O-O O-O 6.Re1 d6 7.a4 Kh8 8.a5 a6 
9.c3 Ng8 10.d4 exd4 11.Nxd4 Nxd4 12.cxd4 c6 13.Qb3 Qc7 14.Bf4 Be6 15.d5 
Bc8 16.e5 dxe5 17.Bxe5 Bd6 18.Bxd6 Qxd6 19.Nc3 cxd5 20.Nxd5 Rb8 21.Rad1 
Bg4 22.Rd3 Bf5 23.Rde3 h6 1/2-1/2

[Event "6th EUR-ch (w)"]
[Site "Chisinau MDA"]
[Date "2005.06.21"]
[Round "10"]
[White "Partac, Elena"]
[Black "Andriasian, Siranush"]
[Result "0-1"]
[WhiteElo "2190"]
[BlackElo "2263"]
[EventDate "2005.06.10"]
[PlyCount "88"]

1.e4 c5 2.Nf3 d6 3.d4 cxd4 4.Qxd4 Nc6 5.Bb5 Bd7 6.Bxc6 Bxc6 7.Nc3 Nf6 8.
Bg5 e6 9.O-O-O Be7 10.Rhe1 O-O 11.Qd2 h6 12.Bf4 e5 13.Bg3 b5 14.Bh4 b4 15.
Bxf6 bxc3 16.Qxc3 Rc8 17.Bxe7 Qxe7 18.Qa3 Qb7 19.Nd2 Rfd8 20.f3 Bb5 21.Nf1
Rc6 22.Ne3 Ra6 23.Qb3 Rc8 24.Nd5 Qd7 25.Ne7+ Qxe7 26.Qxb5 Qc7 27.Re2 Rxa2 
28.Kb1 Ra5 29.Qd3 Ra4 30.Qd5 Qb6 31.Rd3 Qa6 32.Kc1 Rd4 33.Rxd4 exd4 34.Kd2
Rxc2+ 35.Kxc2 Qxe2+ 36.Kb3 d3 37.Qc6 Qd1+ 38.Ka2 Qc2 39.Qe8+ Kh7 40.Qxf7 
Qa4+ 41.Kb1 Qc2+ 42.Ka2 d2 43.Qf5+ Kg8 44.Qe6+ Kh8 0-1

[Event "6th EUR-ch (w)"]
[Site "Chisinau MDA"]
[Date "2005.06.21"]
[Round "10"]
[White "Seps, Monika"]
[Black "Chulivska, Vita"]
[Result "0-1"]
[WhiteElo "2116"]
[BlackElo "2262"]
[EventDate "2005.06.10"]
[PlyCount "61"]

1.e4 c5 2.Nf3 e6 3.d4 cxd4 4.Nxd4 a6 5.Bd3 Nc6 6.Nxc6 bxc6 7.O-O d5 8.Qe2 
Nf6 9.c4 Be7 10.e5 Nd7 11.f4 Qc7 12.Nd2 Bb7 13.b3 Rd8 14.Bb2 Nc5 15.Bc2 
Na4 16.Bc1 Bc5+ 17.Kh1 Bd4 18.Rb1 Nc3 19.Qg4 Nxb1 20.Bxb1 g6 21.Nf3 dxc4 
22.Nxd4 Rxd4 23.Be3 Rd7 24.bxc4 c5 25.Qg3 O-O 26.f5 exf5 27.Bxf5 Re7 28.
Bg5 Rxe5 29.Bd3 Qc6 30.Bf6 Re3 31.Qxe3 0-1

[Event "6th EUR-ch (w)"]
[Site "Chisinau MDA"]
[Date "2005.06.21"]
[Round "10"]
[White "Paulet, Iozefina"]
[Black "Laesson, Tuulikki"]
[Result "1-0"]
[WhiteElo "2051"]
[BlackElo "2246"]
[EventDate "2005.06.10"]
[PlyCount "73"]

1.e4 c6 2.d4 g6 3.Nc3 Bg7 4.Nf3 d6 5.a4 Nf6 6.a5 O-O 7.Bc4 d5 8.Bd3 dxe4 
9.Nxe4 Bg4 10.c3 Nbd7 11.O-O Qc7 12.h3 Bxf3 13.Qxf3 Nxe4 14.Bxe4 e5 15.
dxe5 Nxe5 16.Qg3 a6 17.Be3 Qe7 18.Rfe1 Rfe8 19.Bg5 Qc5 20.Bc2 Nc4 21.b4 
Qd6 22.Bf4 Qf6 23.Bb3 Ne5 24.Rad1 Qf5 25.Re3 Nd7 26.Red3 Nf8 27.Rf3 Ne6 
28.Bh6 Qe4 29.Bxg7 Kxg7 30.Re3 Qf5 31.Rde1 Rad8 32.Rf3 Qg5 33.Rxf7+ Kh6 
34.Rxe6 Rd1+ 35.Bxd1 Qxg3 36.fxg3 Rxe6 37.Kf2 1-0

[Event "6th EUR-ch (w)"]
[Site "Chisinau MDA"]
[Date "2005.06.21"]
[Round "10"]
[White "Minina, Veronika"]
[Black "Czarnota, Dorota"]
[Result "0-1"]
[WhiteElo "2059"]
[BlackElo "2244"]
[EventDate "2005.06.10"]
[PlyCount "80"]

1.d4 d5 2.c4 c6 3.Nc3 Nf6 4.e3 e6 5.Nf3 Nbd7 6.Qc2 Bd6 7.b3 O-O 8.Be2 Qe7 
9.O-O b6 10.e4 Nxe4 11.Nxe4 dxe4 12.Qxe4 Bb7 13.Bd3 f5 14.Qe2 c5 15.Ng5 
Rae8 16.Re1 e5 17.dxe5 Qxe5 18.Qxe5 Bxe5 19.Rb1 Bxh2+ 20.Kf1 Rxe1+ 21.Kxe1
Bxg2 22.Rb2 h6 23.f4 Bg3+ 24.Kd1 hxg5 25.Rxg2 gxf4 26.Bb2 g6 27.Rg1 Nf6 
28.Bxf6 Rxf6 29.Rg2 Kf7 30.Be2 Rd6+ 31.Kc2 g5 32.Bf3 Rd4 33.Bd5+ Kf6 34.
Rg1 g4 35.Rh1 f3 36.Rh6+ Kg5 37.Rh8 Bh4 38.Rg8+ Kf4 39.Rf8 Rxd5 40.cxd5 f2
0-1

[Event "6th EUR-ch (w)"]
[Site "Chisinau MDA"]
[Date "2005.06.21"]
[Round "10"]
[White "Kuzevanova, Evgenia"]
[Black "Ptacnikova, Lenka"]
[Result "1/2-1/2"]
[WhiteElo "2124"]
[BlackElo "2277"]
[EventDate "2005.06.10"]
[PlyCount "54"]

1.e4 c5 2.Nf3 Nc6 3.d4 cxd4 4.Nxd4 Nf6 5.Nc3 e5 6.Ndb5 d6 7.Nd5 Nxd5 8.
exd5 Nb8 9.c4 a6 10.Nc3 Be7 11.Be2 O-O 12.O-O Nd7 13.f4 f5 14.Be3 exf4 15.
Bxf4 Qb6+ 16.Kh1 Qxb2 17.Na4 Qf6 18.c5 g5 19.Bxd6 Bxd6 20.cxd6 b5 21.Bd3 
bxa4 22.Bxf5 Kg7 23.Rc1 Qxd6 24.Qh5 Qh6 25.Qe2 Qd6 26.Qh5 Qh6 27.Qe2 Qd6 
1/2-1/2

[Event "6th EUR-ch (w)"]
[Site "Chisinau MDA"]
[Date "2005.06.21"]
[Round "10"]
[White "Khudaverdieva, Afag"]
[Black "Ionica, Iulia-Ionela"]
[Result "1/2-1/2"]
[WhiteElo "2187"]
[BlackElo "2245"]
[EventDate "2005.06.10"]
[PlyCount "115"]

1.d4 Nf6 2.c4 Nc6 3.Nf3 e6 4.Nc3 Bb4 5.Qc2 d6 6.Bg5 h6 7.Bd2 O-O 8.e3 Bxc3
9.Bxc3 Qe7 10.Be2 e5 11.dxe5 dxe5 12.O-O Re8 13.b3 Bg4 14.Qb2 Ne4 15.Be1 
a5 16.a3 Ng5 17.Nxg5 Qxg5 18.Bxg4 Qxg4 19.Bc3 e4 20.f3 Qg6 21.Rad1 f6 22.
f4 Rad8 23.Qe2 h5 24.Rd5 Rxd5 25.cxd5 Ne7 26.Qc4 Kh7 27.Bxa5 b6 28.Bb4 Nf5
29.Re1 Qf7 30.a4 h4 31.a5 bxa5 32.Bxa5 Nd6 33.Qc6 h3 34.g3 Qh5 35.Bb4 Nf5 
36.Qc2 Qf3 37.Bc5 Rd8 38.Qf2 Qxf2+ 39.Kxf2 Rxd5 40.b4 Nh6 41.g4 Nxg4+ 42.
Kg3 f5 43.Bd4 Rd6 44.Kxh3 Nf2+ 45.Kg2 Nd3 46.Rf1 Nxb4 47.Rc1 c6 48.Rc5 Nd5
49.Kf2 Kg6 50.Be5 Re6 51.Ra5 Nf6 52.h3 Nd7 53.Bd4 Rd6 54.h4 Nf6 55.Rc5 Nd5
56.Be5 Re6 57.Ra5 Nf6 58.Bd4 1/2-1/2

[Event "6th EUR-ch (w)"]
[Site "Chisinau MDA"]
[Date "2005.06.21"]
[Round "10"]
[White "Gheorghe, Corina"]
[Black "Stiri, Alexandra"]
[Result "1-0"]
[WhiteElo "2234"]
[BlackElo "2181"]
[EventDate "2005.06.10"]
[PlyCount "75"]

1.e4 c5 2.Nf3 e6 3.d4 cxd4 4.Nxd4 a6 5.Nc3 b5 6.Bd3 Bb7 7.O-O Qc7 8.Re1 d6
9.Bg5 Be7 10.Bxe7 Nxe7 11.Bxb5+ Nd7 12.Bd3 O-O 13.Kh1 Qb6 14.Bc4 Qxb2 15.
Re3 Qb6 16.Nxe6 Ne5 17.Rb1 Qa7 18.Nxf8 Nxc4 19.Rg3 Rxf8 20.Qg4 Ng6 21.Qd7 
Rb8 22.Qc7 Nd2 23.Rb6 Nf8 24.Rd3 Nc4 25.Rb3 Ne5 26.Rxd6 Qxf2 27.Rd1 Ng4 
28.Qxb8 Ne3 29.Rg1 Bc6 30.Qg3 Qd2 31.Nd5 Bxd5 32.Qxe3 Qxe3 33.Rxe3 Bxa2 
34.Rc3 g6 35.Ra1 Be6 36.Rxa6 Nd7 37.Rc8+ Kg7 38.Rxe6 1-0

[Event "6th EUR-ch (w)"]
[Site "Chisinau MDA"]
[Date "2005.06.21"]
[Round "10"]
[White "Lupik, Marina"]
[Black "Bensdorp, Marlies"]
[Result "1/2-1/2"]
[WhiteElo "2123"]
[BlackElo "2232"]
[EventDate "2005.06.10"]
[PlyCount "123"]

1.d4 d5 2.c4 c6 3.Nc3 Nf6 4.e3 e6 5.Nf3 Nbd7 6.Bd3 dxc4 7.Bxc4 b5 8.Bd3 b4
9.Na4 c5 10.e4 cxd4 11.e5 Nd5 12.O-O Be7 13.Re1 Bb7 14.Nxd4 Qc7 15.Bd2 Rc8
16.Rc1 Qb8 17.Bb5 Rxc1 18.Bxc1 Qc7 19.Qg4 g6 20.Bh6 a6 21.Rc1 Qxe5 22.Bc6 
Bxc6 23.Nxc6 Qh5 24.Qxh5 gxh5 25.Nb8 Nxb8 26.Rc8+ Bd8 27.Rxb8 Ke7 28.Nc5 
a5 29.Bg7 Re8 30.Rb7+ Bc7 31.Be5 Rc8 32.Nb3 a4 33.Nc5 a3 34.bxa3 bxa3 35.
Na6 Kd8 36.Nxc7 Nxc7 37.g3 Nd5 38.Ra7 f6 39.Bd6 Rc1+ 40.Kg2 Rc2 41.Rxa3 
Nc3 42.Ra7 Rxa2 43.Be7+ Ke8 44.Rxa2 Nxa2 45.Bxf6 Kf7 46.Bg5 Nc3 47.Kf3 Kg6
48.Bd2 Nb5 49.Ke4 Kf6 50.Bb4 Nc7 51.Bc3+ Kf7 52.Ke5 Nd5 53.Bd2 Nf6 54.h3 
Nd7+ 55.Kf4 Kg6 56.Bc3 Nc5 57.Bd4 Nd3+ 58.Ke4 Nb4 59.Bc3 Nd5 60.Bd2 Nb6 
61.f4 Nd7 62.g4 1/2-1/2

[Event "6th EUR-ch (w)"]
[Site "Chisinau MDA"]
[Date "2005.06.21"]
[Round "10"]
[White "Lematschko, Tatjana"]
[Black "Cicariova, Elena"]
[Result "1/2-1/2"]
[WhiteElo "2231"]
[BlackElo "2081"]
[EventDate "2005.06.10"]
[PlyCount "54"]

1.e4 c5 2.Nf3 d6 3.d4 cxd4 4.Nxd4 Nf6 5.Nc3 a6 6.h3 e6 7.g4 d5 8.exd5 Nxd5
9.Ne4 Bd7 10.Bg2 Nc6 11.O-O Rc8 12.Nxc6 Bxc6 13.c4 Nb6 14.Qxd8+ Rxd8 15.b3
Be7 16.Be3 Nc8 17.Rab1 Nd6 18.Nxd6+ Bxd6 19.Bxc6+ bxc6 20.Bb6 Rd7 21.Rfd1 
Bc7 22.Bc5 Kd8 23.Kg2 Rxd1 24.Rxd1+ Kc8 25.Kf3 Rd8 26.Ke2 Rxd1 27.Kxd1 Kd7
1/2-1/2

[Event "6th EUR-ch (w)"]
[Site "Chisinau MDA"]
[Date "2005.06.21"]
[Round "10"]
[White "Sirotkina, Nina"]
[Black "Lazo, Xenia"]
[Result "1-0"]
[WhiteElo "2206"]
[BlackElo "2001"]
[EventDate "2005.06.10"]
[PlyCount "75"]

1.d4 d5 2.c4 c6 3.Nf3 Nf6 4.Nbd2 Nbd7 5.Qc2 e6 6.g3 g6 7.Bg2 Bg7 8.O-O O-O
9.b3 b6 10.e4 dxe4 11.Nxe4 Nxe4 12.Qxe4 Bb7 13.Ba3 Re8 14.Rad1 Qc7 15.Qh4 
Qd8 16.Qf4 Rc8 17.Bd6 Nf6 18.c5 Nd5 19.Qd2 a5 20.Rfe1 b5 21.Ne5 b4 22.h4 
Nc3 23.Ra1 Nb5 24.Qf4 Qf6 25.Qe3 Red8 26.Rac1 Nxd6 27.cxd6 Rxd6 28.Rc4 Qd8
29.Rec1 Bxe5 30.Qxe5 Ba6 31.Rxc6 Rxd4 32.Rxc8 Bxc8 33.Kh2 Rd2 34.h5 Ba6 
35.Rc6 Bb7 36.Rc7 Bxg2 37.h6 Qf8 38.Rc8 1-0

[Event "6th EUR-ch (w)"]
[Site "Chisinau MDA"]
[Date "2005.06.21"]
[Round "10"]
[White "Ivanova-Skripova, Tatiana"]
[Black "Babei, Angelica"]
[Result "1-0"]
[WhiteElo "2205"]
[BlackElo "1843"]
[EventDate "2005.06.10"]
[PlyCount "65"]

1.d4 d5 2.Nf3 Nf6 3.c3 c5 4.dxc5 e6 5.b4 a5 6.e3 axb4 7.cxb4 b6 8.Bb5+ Bd7
9.Bxd7+ Nfxd7 10.O-O bxc5 11.bxc5 Bxc5 12.Nbd2 O-O 13.Bb2 Nc6 14.Nb3 Ba3 
15.Bc3 Bb4 16.Qc2 Bxc3 17.Qxc3 Qc7 18.Rfc1 Rfc8 19.Nfd4 Nde5 20.Nxc6 Nxc6 
21.Nd4 Ra6 22.Rc2 Qd7 23.Rac1 h6 24.Qd3 Rb6 25.a4 Ne7 26.Rxc8+ Nxc8 27.a5 
Rd6 28.Qb5 Na7 29.Qb8+ Kh7 30.h3 Nc6 31.Qb1+ g6 32.Nb5 Nxa5 33.Rc7 1-0

[Event "6th EUR-ch (w)"]
[Site "Chisinau MDA"]
[Date "2005.06.21"]
[Round "10"]
[White "Andronic, Iulia"]
[Black "Doibani, Lilia"]
[Result "1/2-1/2"]
[WhiteElo "2085"]
[BlackElo "2185"]
[EventDate "2005.06.10"]
[PlyCount "40"]

1.Nf3 Nf6 2.d4 e6 3.c4 Nc6 4.Nc3 Bb4 5.Bg5 h6 6.Bxf6 Qxf6 7.e3 Bxc3+ 8.
bxc3 d6 9.Bd3 O-O 10.O-O Qe7 11.d5 Na5 12.Nd4 e5 13.Nb3 Nxb3 14.axb3 f5 
15.f3 f4 16.Re1 Qg5 17.Qe2 a6 18.Qf2 Bd7 19.e4 Qe7 20.b4 g5 1/2-1/2

[Event "6th EUR-ch (w)"]
[Site "Chisinau MDA"]
[Date "2005.06.21"]
[Round "10"]
[White "Kucherenko, Olena"]
[Black "Kalinina, Larisa"]
[Result "1-0"]
[WhiteElo "2079"]
[BlackElo "2177"]
[EventDate "2005.06.10"]
[PlyCount "91"]

1.e4 c5 2.Nc3 a6 3.g3 b5 4.Bg2 Bb7 5.d3 b4 6.Nce2 Nf6 7.f4 d6 8.Nf3 Nbd7 
9.O-O Qb6 10.Kh1 e5 11.h3 h5 12.Ng5 Be7 13.Be3 h4 14.g4 Nh7 15.Nxh7 Rxh7 
16.c3 a5 17.Rf2 g6 18.d4 Nf6 19.d5 exf4 20.Nxf4 Nd7 21.Qa4 O-O-O 22.cxb4 
Qxb4 23.Qc2 Ne5 24.Bf1 Bg5 25.a3 Qb6 26.b4 axb4 27.Rb1 Qc7 28.axb4 c4 29.
Qa4 f5 30.Ne6 Bxe3 31.Nxc7 Bxf2 32.Ne6 Rg8 33.Qc2 fxe4 34.Qxf2 Bxd5 35.Qd4
Bxe6 36.Qxd6 Re8 37.Qxe5 e3 38.Bg2 Rc7 39.Ra1 Kd7 40.Qg7+ Kd8 41.Qd4+ Bd7 
42.Ra8+ Rc8 43.Qb6+ Ke7 44.Qxe3+ Kf7 45.Qf4+ Kg7 46.Ra7 1-0